=LDR 00000nam 2200000 4500 =001 INLIS000000000038505 =005 20130612144155 =008 ***********************************Ind** =035 ##$$0010-061300000038505 =041 ##$$a Ind =082 ##$$a 641.5 =090 ##$$a 641.5, Sut k =100 ##$$a Sutomo, Budi =245 ##$$a Kumpulan resep soto =260 ##$$a 2010 $b Jakarta =300 ##$$a 81 hlm, Ilus, 25 cm =650 ##$$a Masakan Resep =850 ##$$a NBPNMAT